Normal view MARC view
  • Tilikum (Canoa)

Entry Nombre Corporativo

Number of records used in: 1

001 - NÚMERO DE CONTROL

  • campo de control: 45729

003 - IDENTIFICADOR DE NUMERO DE CONTROL

  • campo de control: UPN

005 - FECHA Y HORA DE LA ÜLTIMA TRANSACCIÓN

  • campo de control: 20220812162056.0

008 - DATOS DE LONGITUD FIJA

  • campo de control de longitud fija: 220812nn acannaabn n ana d

040 ## - FUENTE DE CATALOGACIÓN

  • Lenguaje de catalogación: SPA
  • Agencia transcribe: UPN
  • Agencia original de catalogación: UPN

110 2# - ENCABEZAMIENTO - NOMBRE CORPORATIVO

  • Nombre corporativo o de jurisdicción como elemento de entrada : Tilikum (Canoa)

670 ## - FUENTE EN LA QUE SE LOCALIZARON DATOS

  • Cita de la fuente : LC
  • Información localizada: Tilikum (Canoe)

902 ## - CATALOGADOR

  • Catalogador: CAA/120822